| 000 | 00786nam a2200241 i 4500 | ||
|---|---|---|---|
| 001 | 172567 | ||
| 003 | ES-MaACL | ||
| 005 | 20230906214945.0 | ||
| 008 | 090720s1996 fr |||| | fre d | ||
| 020 | _a2-247-02188-3 | ||
| 080 | _a347.56(44):614.25 | ||
| 100 | 1 |
_aPenneau, Jean. _9141108 |
|
| 245 | 1 | 3 |
_aLa responsabilité du médecin / _cJean Penneau. |
| 250 | _a2e éd. | ||
| 260 |
_aParis : _bDalloz, _c1996. |
||
| 300 |
_aVIII,135 p. ; _c18 cm. |
||
| 490 | 1 | _aConnaissance du droit | |
| 650 | 4 |
_aMédicos- _xResponsabilidad profesional- _zFrancia. _9140997 |
|
| 650 | 4 |
_aMedicina- _xLegislación- _zFrancia. _9140996 |
|
| 830 | 0 |
_aConnaissance du droit _9223374 |
|
| 852 | 4 |
_aES-MaACL _jE-12883 _9R.139437 _z. - Biblioteca Jacinto Martínez Lacalle |
|
| 999 |
_c172567 _d172567 |
||